| 000 | 00433nmm a22001577a 4500 | ||
|---|---|---|---|
| 005 | 20220620082148.0 | ||
| 008 | 150728b xxu||||| |||| 00| 0 spa d | ||
| 041 | _aspa | ||
| 082 | _aMD 215 | ||
| 100 |
_aBarrantes Sanabria, Paula _94482 |
||
| 245 | _aInforme de Práctica Supervisada realizado en Estética Laboratorio Dental | ||
| 260 | _c2014 | ||
| 650 |
_aCOSTA RICA _963826 |
||
| 650 |
_aPORCELANAS DENTALES _93129 |
||
| 942 | _cIP | ||
| 999 |
_c6905 _d6905 |
||